| Tag |
First Indicator |
Second Indicator |
Subfields |
| LEADER |
00000cam a2200000 a 4500 |
| 001 |
in00000013481 |
| 005 |
20151007052500.0 |
| 008 |
820824s1982 nyuabh b 00010 eng d |
| 010 |
|
|
|a 82081425
|
| 035 |
|
|
|a (OCoLC)08715534
|
| 035 |
|
|
|9 AAA7970AM
|
| 040 |
|
|
|a VVB
|c VVB
|d OCL
|d m/c
|d TXA
|d UtOrBLW
|
| 041 |
1 |
|
|a eng
|a spa
|
| 043 |
|
|
|a n-mx---
|
| 049 |
|
|
|a TXAM
|c [A11025515]
|
| 050 |
|
4 |
|a F1219.3.R38
|b C6313 1982
|
| 100 |
1 |
|
|a Coe, Michael D.
|
| 245 |
1 |
0 |
|a Aztec sorcerers in seventeenth century Mexico :
|b the Treatise on superstitions by Hernando Ruiz de Alarcón /
|c Michael D. Coe and Gordon Whittaker.
|
| 264 |
|
1 |
|a Albany, N.Y. :
|b Institute for Mesoamerican Studies, State University of New York at Albany,
|c 1982.
|
| 300 |
|
|
|a xviii, 329 pages :
|b facsimiles, illustrations, map ;
|c 28 cm.
|
| 336 |
|
|
|a text
|b txt
|2 rdacontent
|
| 337 |
|
|
|a unmediated
|b n
|2 rdamedia
|
| 338 |
|
|
|a volume
|b nc
|2 rdacarrier
|
| 490 |
1 |
|
|a Publication / State University of New York at Albany, Institute for Mesoamerican Studies ;
|v no. 7
|
| 504 |
|
|
|a Bibliography: pages 325-329.
|
| 650 |
|
0 |
|a Witchcraft
|z Mexico.
|
| 600 |
1 |
0 |
|a Ruiz de Alarcón, Hernando.
|t Tratado de las supersticiones y costumbres gentilicas que oy viuen entre los indios Naturales desta Nueva Espãna.
|
| 650 |
|
0 |
|a Aztecs
|x Religion.
|
| 700 |
1 |
|
|a Whittaker, Gordon.
|
| 830 |
|
0 |
|a Publication (State University of New York at Albany. Institute for Mesoamerican Studies) ;
|v no. 7.
|
| 999 |
|
|
|a MARS
|
| 999 |
f |
f |
|s 36e4c557-66f7-3692-be2b-0dbc821c0336
|i 6f60a427-7986-349f-a3cf-dd510729bb73
|t 0
|
| 952 |
f |
f |
|p normal
|a Texas A&M University
|b College Station
|c Sterling C. Evans Library
|d Evans: Library Stacks
|t 0
|e F1219.3.R38 C6313 1982
|h Library of Congress classification
|i unmediated -- volume
|m A14811025515
|
| 998 |
f |
f |
|a F1219.3.R38 C6313 1982
|t 0
|l Evans: Library Stacks
|